Fons sobre la deportació 1939/1945. Arxiu Municipal de Castellar del Vallès (AMC) / Sílvia Sáiz i Calvó, Ernest Gallart i Vivé
Descripción Física:
35 f. ; 30 cm
Otros Autores:
Gallart i Vivé, Ernest
MARC
| LEADER | 00000nam a2200000Ia 4500 | ||
|---|---|---|---|
| 001 | 11916 | ||
| 003 | BGR | ||
| 005 | 20260324175332.0 | ||
| 008 | 160829s1997 xx 000 0 cat d | ||
| 080 | |a FU-28-4 | ||
| 100 | |a Sáiz Calvó, Sílvia |9 27666 | ||
| 245 | |a Fons sobre la deportació 1939/1945. Arxiu Municipal de Castellar del Vallès (AMC) / Sílvia Sáiz i Calvó, Ernest Gallart i Vivé | ||
| 260 | |a Castellar del Vallès : |b Arxiu Municipal, |c 1997 | ||
| 300 | |a 35 f. ; |c 30 cm | ||
| 590 | |a Bibliografia | ||
| 650 | |a Arxiu Municipal de Castellar del Vallès |x Catàlegs |9 27667 | ||
| 650 | |a Deportació |x 1939/1945 |x Arxius |x Catàlegs |9 27668 | ||
| 650 | |a Deportació |x 1939/1945 |x Història |x Fonts |9 27669 | ||
| 700 | |a Gallart i Vivé, Ernest |9 27670 | ||
| 710 | 2 | |a Arxiu Municipal de Castellar del Vallès |9 70432 | |
| 901 | |a Arxiu | ||
| 942 | |n 1 |2 udc |c MON | ||
| 952 | |0 0 |1 0 |4 0 |6 FU284 |7 1 |9 44504 |a Arxiu |b Arxiu |d 2016-12-01 |l 0 |o FU-28-4 |p 11916 |r 2016-12-01 00:00:00 |w 2016-12-01 |y ARXIU | ||
| 999 | |c 47085 |d 47085 | ||